| 000 | 01049cam a2200229 4500 | ||
|---|---|---|---|
| 001 | ##L132529 | ||
| 008 | 060215n2006 000 0 eng u | ||
| 020 | _a1860918986 | ||
| 035 | _a(Sirsi) u132529 | ||
| 041 | 0 | _aeng | |
| 050 | 0 | 4 | _a614.78 $2 18 |
| 100 | 1 | _aHopkins, C. | |
| 245 | 0 | 0 | _aRain noise from glazed and lightweight roofing |
| 260 |
_aWatford _bBRE Press _c2006 |
||
| 300 |
_a4p. _bill. _c30cm. |
||
| 350 | _a9.00 | ||
| 490 | 0 |
_aBRE Information Paper _vIP 2/06 |
|
| 520 | _aHelps designers assess the likely effect of rain noise from lightweight roofs and roof elements on the indoor ambient noise levels in rooms. Contains results from measurements of sound intensity levels caused by artificial heavy rainfall on roof glazing, polycarbonate roofing and ETFE roofing. These measurements allowed comparison of products and estimation of the reverberant sound pressure level in a room due to rain noise. | ||
| 651 | 4 |
_aUnited Kingdom _y |
|
| 690 | _aBUILT ENVIRONMENT-CONSTRUCTION DESIGN-ACOUSTICS-NOISE POLLUTION | ||
| 942 | _n0 | ||
| 999 |
_c105169 _d105169 |
||